| 000 | 00459nam a22001817a 4500 | ||
|---|---|---|---|
| 005 | 20260202161941.0 | ||
| 008 | 260202b |||||||| |||| 00| 0 eng d | ||
| 020 |
_a9789390346158 _c1750.00 |
||
| 040 | _aMAIN | ||
| 041 | _aEnglish | ||
| 082 |
_a711.4 _bHER |
||
| 100 |
_aHerrera, Veronica _926167 |
||
| 245 | _aUrban Planning And Policy | ||
| 260 |
_aNew Delhi _bBlackwell Press _c2026 |
||
| 300 | _a298 | ||
| 650 |
_aUrban Studies _924652 |
||
| 942 | _cBK | ||
| 999 |
_c60208 _d60208 |
||